<?xml version="1.0" encoding="UTF-8"?>
<record
    xmlns:xsi="http://www.w3.org/2001/XMLSchema-instance"
    xsi:schemaLocation="http://www.loc.gov/MARC21/slim http://www.loc.gov/standards/marcxml/schema/MARC21slim.xsd"
    xmlns="http://www.loc.gov/MARC21/slim">

  <leader>00400nam a2200145Ia 4500</leader>
  <controlfield tag="008">230411s9999    xx            000 0 und d</controlfield>
  <datafield tag="020" ind1=" " ind2=" ">
    <subfield code="a">1-872748-58-9</subfield>
  </datafield>
  <datafield tag="041" ind1=" " ind2=" ">
    <subfield code="a">eng</subfield>
  </datafield>
  <datafield tag="082" ind1=" " ind2=" ">
    <subfield code="a">P/618.92/DAV/B02554</subfield>
  </datafield>
  <datafield tag="100" ind1=" " ind2=" ">
    <subfield code="a">Davies A.E.M. &amp; Billson A.L.</subfield>
    <subfield code="9">177471</subfield>
  </datafield>
  <datafield tag="245" ind1=" " ind2=" ">
    <subfield code="a">Key Topics in Padiatrics</subfield>
  </datafield>
  <datafield tag="260" ind1=" " ind2=" ">
    <subfield code="b">BIOS Scientific Publishers</subfield>
    <subfield code="a">Oxford</subfield>
    <subfield code="c">1994</subfield>
  </datafield>
  <datafield tag="300" ind1=" " ind2=" ">
    <subfield code="a">335p</subfield>
  </datafield>
  <datafield tag="999" ind1=" " ind2=" ">
    <subfield code="c">153734</subfield>
    <subfield code="d">153734</subfield>
  </datafield>
  <datafield tag="952" ind1=" " ind2=" ">
    <subfield code="0">0</subfield>
    <subfield code="1">0</subfield>
    <subfield code="4">0</subfield>
    <subfield code="7">0</subfield>
    <subfield code="8">P</subfield>
    <subfield code="a">BTIN</subfield>
    <subfield code="b">BTIN</subfield>
    <subfield code="d">2005-08-03</subfield>
    <subfield code="e">British Library</subfield>
    <subfield code="g">50.00</subfield>
    <subfield code="i">181</subfield>
    <subfield code="l">0</subfield>
    <subfield code="o">P 618.92 DAV B02554</subfield>
    <subfield code="p">BTIN-BK-2554</subfield>
    <subfield code="r">2023-04-11 00:00:00</subfield>
    <subfield code="v">50.00</subfield>
    <subfield code="w">2005-08-03</subfield>
    <subfield code="y">BK</subfield>
    <subfield code="z">B02554</subfield>
  </datafield>
</record>
